Closest country acrostics- P countries - Statistics

General Stats
  • This quiz has been taken 711 times
  • The average score is 54 of 69
Answer Stats
Hint Answer % Correct
I India
96%
A Afghanistan
94%
A Antigua and Barbuda
90%
K Kyrgyzstan
89%
T Tajikistan
88%
A Australia
87%
P Palau
87%
P Peru
87%
A Argentina
86%
A Argentina
86%
A Australia
86%
N Nepal
86%
N Nicaragua
86%
P Philippines
86%
A Azerbaijan
85%
O Oman
85%
O Oman
85%
Y Yemen
85%
L Laos
84%
P Peru
84%
P Philippines
84%
D Denmark
83%
E Ecuador
83%
I Indonesia
83%
I Indonesia
83%
L Lithuania
83%
P Panama
83%
U Uruguay
83%
I India
82%
P Palau
82%
P Poland
82%
P Poland
82%
U Uruguay
82%
A Antigua and Barbuda
81%
M Mexico
81%
N Nauru
81%
A Andorra
80%
A Austria
80%
P Portugal
80%
U United Kingdom
80%
L Laos
79%
N Norway
79%
R Romania
79%
E East Timor
78%
G Guyana
78%
U Uzbekistan
78%
U Uzbekistan
78%
G Germany
76%
S Saudi Arabia
76%
L Luxembourg
75%
P Papua New Guinea
75%
T Tunisia
75%
A Afghanistan
73%
A Afghanistan
73%
E East Timor
72%
P Pakistan
72%
H Hungary
71%
S Singapore
71%
I Iran
68%
N North Korea
68%
N New Zealand
67%
U United Arab Emirates
66%
A Azerbaijan
65%
E Ethiopia
65%
A Angola
63%
A Andorra
61%
G Georgia
57%
R Republic of the Congo
56%
R Republic of the Congo
56%
No matching quizzes found
Score Distribution
Percent of People with Each Score
Percentile by Number Answered
Your Score History
You have not taken this quiz